<?xml version="1.0" encoding="UTF-8"?>
<collection xmlns="http://www.loc.gov/MARC21/slim">
 <record>
  <leader>05859nam a2200421 a 4500</leader>
  <controlfield tag="001">kal1370</controlfield>
  <controlfield tag="003">Gr-AtHEAL</controlfield>
  <controlfield tag="005">20160422095629.0</controlfield>
  <controlfield tag="006">m        d        </controlfield>
  <controlfield tag="008">160413s2015    gr      s           gre|c</controlfield>
  <datafield tag="020" ind1=" " ind2=" ">
   <subfield code="a">9789606032042</subfield>
  </datafield>
  <datafield tag="040" ind1=" " ind2=" ">
   <subfield code="a">GR-AtHEAL</subfield>
   <subfield code="b">gre</subfield>
   <subfield code="c">GR-AtHEAL</subfield>
  </datafield>
  <datafield tag="082" ind1="0" ind2="4">
   <subfield code="a">547</subfield>
   <subfield code="2">23</subfield>
  </datafield>
  <datafield tag="100" ind1="1" ind2=" ">
   <subfield code="a">Αχιλιάς, Δημήτρης.</subfield>
   <subfield code="8">926</subfield>
  </datafield>
  <datafield tag="245" ind1="1" ind2="0">
   <subfield code="a">Βιομηχανική οργανική χημεία</subfield>
   <subfield code="h">[Ηλεκτρονικός πόρος] </subfield>
   <subfield code="b">Ενεργειακές πρώτες ύλες-χημικές διεργασίες</subfield>
   <subfield code="c">Αχιλιάς, Δημήτρης ; Ελευθεριάδης, Ιωάννης ; Νικολαΐδης, Νικόλαος ; Κριτικός αναγνώστης,Παπαγεωργίου, Γεώργιος ; Γλωσσική επιμέλεια,Κατσαρού, Δήμητρα ; Γραφιστική επιμέλεια,Κυριακίδου, Ελένη ; Τεχνική επιμέλεια,Μαργουνάκης, Δημήτριος ; .</subfield>
  </datafield>
  <datafield tag="260" ind1=" " ind2=" ">
   <subfield code="a">Αθήνα :</subfield>
   <subfield code="b">Σύνδεσμος Ελληνικών Ακαδημαϊκών Βιβλιοθηκών,</subfield>
   <subfield code="c">c2015.</subfield>
  </datafield>
  <datafield tag="490" ind1=" " ind2=" ">
   <subfield code="a">Ακαδημαϊκά Ηλεκτρονικά Συγγράμματα και Βοηθήματα Κάλλιπος</subfield>
   <subfield code="8">40</subfield>
  </datafield>
  <datafield tag="520" ind1=" " ind2=" ">
   <subfield code="a">Η διαθεσιµότητα πρωτογενούς ενέργειας, δηλαδή ενέργειας που αντλείται κατευθείαν από τη φύση (άνθρακας, πετρέλαιο, φυσικό αέριο, κ.α.) αποτελεί σήµερα ίσως το σηµαντικότερο και κρισιµότερο πρόβληµα της ανθρωπότητας, γιατί απ' αυτήν εξαρτάται η επιβίωση και η ανάπτυξή της. Κάθε ανάπτυξη και άνοδος του βιοτικού επιπέδου μιας χώρας συνοδεύεται με ανάλογη αύξηση της ενέργειας που καταναλώνεται. Αντίθετα, το ουσιαστικό κίνητρο πολλών πολέμων είναι η κυριαρχία σε ενεργειακούς πόρους. Αρκεί να σημειωθεί ότι η παγκόσμια κατανάλωση πρωτογενούς ενέργειας τo 2010 ήταν πάνω από 11 δισεκατομμύρια τόνοι ισοδύναμου πετρελαίου, σχεδόν διπλάσια από αυτήν πριν από 30 χρόνια.Ολοι αυτοί οι ενεργειακοί πόροι (πετρέλαιο, φυσικό αέριο, γαιάνθρακες) αποτελούνται από οργανικές ενώσεις. Επιπλέον, οι διεργασίες οι οποίες συμβαίνουν για παράδειγμα σε ένα διυλιστήριο πετρελαίου είναι βιομηχανική οργανική χημεία.Στα πλαίσια αυτά προτείνεται αυτό το βιβλίο, όπου στο ευρύτερο θέμα της βιομηχανικής οργανικής χημείας διαπραγματεύεται και όλες τις διεργασίες αξιοποίησης των ορυκτών ενεργειακών πόρων. Στη συνέχεια βεβαια πραγματεύεται και άλλα θέματα όπως τα λίπη και έλαια, υδατάνθρακες και διάφορες χημικές διεργασίες.Το βιβλίο αυτό πρόκειται να καλύψει τις διδακτικές ανάγκες προπτυχιακών μαθημάτων σε φοιτητές των Τμημάτων Χημείας, Χημικών Μηχανικών, Φυσικής, Μηχανολόγων Μηχανικών, καθώς και Τεχνολόγους διαφόρων ειδικοτήτων, που ασχολούνται με τα ενδιαφέροντα θέματα των συμβατικών ενεργειακών πόρων. Δεδομένο ότι το πεδίο είναι πολύ ευρύ, δεν επιχειρείται μια λεπτομερής παράθεση δεδομένων αλλά μια εισαγωγική μάλλον ενημέρωση σε όλο το φάσμα των καυσίμων και της βιομηχανικής οργανικής χημείας.</subfield>
  </datafield>
  <datafield tag="650" ind1=" " ind2="0">
   <subfield code="a">Chemistry, Organic</subfield>
   <subfield code="8">2143</subfield>
  </datafield>
  <datafield tag="653" ind1=" " ind2=" ">
   <subfield code="a">Χημικές διεργασίες</subfield>
  </datafield>
  <datafield tag="653" ind1=" " ind2=" ">
   <subfield code="a">Λίπη και υδατάνθρακες</subfield>
  </datafield>
  <datafield tag="653" ind1=" " ind2=" ">
   <subfield code="a">Ενέργεια</subfield>
  </datafield>
  <datafield tag="653" ind1=" " ind2=" ">
   <subfield code="a">Γαιάνθρακες</subfield>
  </datafield>
  <datafield tag="653" ind1=" " ind2=" ">
   <subfield code="a">Φυσικό αέριο</subfield>
  </datafield>
  <datafield tag="653" ind1=" " ind2=" ">
   <subfield code="a">Πετρέλαιο</subfield>
  </datafield>
  <datafield tag="653" ind1=" " ind2=" ">
   <subfield code="a">Τεχνολογία και επιστήμες μηχανικών</subfield>
   <subfield code="a">Βιομηχανική τεχνολογία και μηχανική</subfield>
  </datafield>
  <datafield tag="653" ind1=" " ind2=" ">
   <subfield code="a">Τεχνολογία και επιστήμες μηχανικών</subfield>
   <subfield code="a">Τεχνολογία και μηχανική καυσίμων</subfield>
  </datafield>
  <datafield tag="653" ind1=" " ind2=" ">
   <subfield code="a">Χημεία/Γενική χημεία</subfield>
   <subfield code="a">Οργανική χημεία</subfield>
  </datafield>
  <datafield tag="653" ind1=" " ind2=" ">
   <subfield code="a">Χημεία/Γενική χημεία</subfield>
  </datafield>
  <datafield tag="653" ind1=" " ind2=" ">
   <subfield code="a">Χημική τεχνολογία και μηχανική</subfield>
  </datafield>
  <datafield tag="700" ind1="1" ind2=" ">
   <subfield code="a">Ελευθεριάδης, Ιωάννης</subfield>
   <subfield code="e">Συγγραφέας</subfield>
   <subfield code="8">1093</subfield>
  </datafield>
  <datafield tag="700" ind1="1" ind2=" ">
   <subfield code="a">Νικολαΐδης, Νικόλαος</subfield>
   <subfield code="e">Συγγραφέας</subfield>
   <subfield code="8">1094</subfield>
  </datafield>
  <datafield tag="700" ind1="1" ind2=" ">
   <subfield code="a">Παπαγεωργίου, Γεώργιος</subfield>
   <subfield code="e">Κριτικός αναγνώστης</subfield>
   <subfield code="8">929</subfield>
  </datafield>
  <datafield tag="856" ind1="4" ind2="0">
   <subfield code="u">http://hdl.handle.net/11419/1370</subfield>
   <subfield code="z">Πλήρες Κείμενο - Full text</subfield>
  </datafield>
  <datafield tag="907" ind1=" " ind2=" ">
   <subfield code="a">.b25679284</subfield>
   <subfield code="b">12-06-18</subfield>
   <subfield code="c">29-07-16</subfield>
  </datafield>
  <datafield tag="949" ind1=" " ind2=" ">
   <subfield code="0">0</subfield>
   <subfield code="1">0</subfield>
   <subfield code="2">ddc</subfield>
   <subfield code="4">0</subfield>
   <subfield code="6">547_000000000000000_ΑΧΙ</subfield>
   <subfield code="7">0</subfield>
   <subfield code="8">KALL</subfield>
   <subfield code="8">687</subfield>
   <subfield code="d">2016-04-13</subfield>
   <subfield code="r">2016-04-13</subfield>
   <subfield code="w">2016-04-13</subfield>
   <subfield code="z">547 ΑΧΙ</subfield>
   <subfield code="o">SEAB KALLIPOS</subfield>
  </datafield>
  <datafield tag="998" ind1=" " ind2=" ">
   <subfield code="a">80</subfield>
   <subfield code="a">01</subfield>
   <subfield code="a">02</subfield>
   <subfield code="a">03</subfield>
   <subfield code="a">04</subfield>
   <subfield code="a">05</subfield>
   <subfield code="a">06</subfield>
   <subfield code="a">07</subfield>
   <subfield code="a">08</subfield>
   <subfield code="a">09</subfield>
   <subfield code="a">10</subfield>
   <subfield code="a">11</subfield>
   <subfield code="a">12</subfield>
   <subfield code="a">13</subfield>
   <subfield code="a">14</subfield>
   <subfield code="a">15</subfield>
   <subfield code="a">16</subfield>
   <subfield code="a">17</subfield>
   <subfield code="a">18</subfield>
   <subfield code="a">19</subfield>
   <subfield code="a">20</subfield>
   <subfield code="a">21</subfield>
   <subfield code="a">22</subfield>
   <subfield code="a">23</subfield>
   <subfield code="a">24</subfield>
   <subfield code="a">25</subfield>
   <subfield code="a">26</subfield>
   <subfield code="b">16-05-17</subfield>
   <subfield code="c">m</subfield>
   <subfield code="d">z  </subfield>
   <subfield code="e">-</subfield>
   <subfield code="f">gre</subfield>
   <subfield code="g">gr </subfield>
   <subfield code="h">0</subfield>
  </datafield>
  <datafield tag="942" ind1=" " ind2=" ">
   <subfield code="2">ddc</subfield>
   <subfield code="c">KALLIPOS</subfield>
  </datafield>
 </record>
</collection>
